000 00693nam a2200289Ia 4500
005 20260324112302.0
008 008 260324s9999 xx 000 0 eng d
020 _a9781003158691
037 _aEBOOK
040 _aCRL
040 _beng
040 _cCRL
041 _2eng
041 _aeng
084 _qCRL
100 _aMark Rosman
_91142060
245 0 _aShooting the Scene
245 4 _bThe Art and Craft of Coverage for Directors and Filmmakers
260 _bTaylor and Francis
260 _c2024
365 _a
365 _b230
856 _uhttp://www.taylorfrancis.com/books/9781003158691
942 _cEBOOK
999 _c1731209
_d1731209